Wirtschaftsinformatik 2 Strukturierte Programmierung in COBOL
Na minha lista:
| Autor principal: | |
|---|---|
| Formato: | Livro |
| Idioma: | alemão |
| Publicado em: |
Stuttgart
Fischer
1988
|
| Edição: | 3. völlig neubearb. und erw. Aufl. |
| Colecção: | UTB für Wissenschaft
803 |
| Assuntos: | |
| Tags: |
Sem tags, seja o primeiro a adicionar uma tag!
|
MARC
| LEADER | 00000nam a2200000 4500 | ||
|---|---|---|---|
| 001 | c019136 | ||
| 005 | 20221206134644.3 | ||
| 020 | |a 3-437-40197-1 | ||
| 041 | 0 | |a ger | |
| 044 | |a DE | ||
| 245 | 1 | 0 | |a Wirtschaftsinformatik 2 |b Strukturierte Programmierung in COBOL |c Hans Rudolf Göpfrich |
| 250 | |a 3. völlig neubearb. und erw. Aufl. | ||
| 264 | 1 | |a Stuttgart |b Fischer |c 1988 | |
| 300 | |a 443 s. | ||
| 490 | 1 | |a UTB für Wissenschaft |v 803 | |
| 830 | 0 | |a UTB für Wissenschaft |v 803 | |
| 610 | 2 | 0 | |a informatika ekonomická |
| 610 | 2 | 0 | |a programovanie |
| 610 | 2 | 0 | |a jazyky programovacie |
| 610 | 2 | 0 | |a programy počítačové |
| 610 | 2 | 0 | |a dáta |
| 610 | 2 | 0 | |a COBOL |
| 100 | 1 | |a Göpfrich, Hans Rudolf | |